Loading...
History - World History | 1 | 2 | 0 | 0 | 35 | 50 | 82.00 | 2 | 3 |
Auditory Arts | 1 | 1 | 0 | 0 | 25 | 53 | 76.50 | 2 | 2 |
Science - Chemistry | 0 | 2 | 0 | 1 | 20 | 116 | 120.50 | 2 | 2 |
Literature - British Literature | 1 | 0 | 0 | 0 | 15 | 64 | 64.00 | 1 | 1 |
History - European History | 0 | 1 | 0 | 0 | 10 | 106 | 106.00 | 1 | 1 |
Literature - American Literature | 0 | 1 | 0 | 1 | 10 | 142 | 142.00 | 1 | 1 |
Literature - World Literature | 0 | 1 | 0 | 0 | 10 | 119 | 119.00 | 1 | 1 |
Philosophy | 0 | 1 | 0 | 0 | 10 | 118 | 118.00 | 0 | 1 |
Social Science | 0 | 1 | 0 | 1 | 10 | 115 | 115.00 | 0 | 1 |
Beliefs | 0 | 1 | 0 | 0 | 10 | 145 | 145.00 | 0 | 1 |
Geography | 0 | 1 | 0 | 0 | 10 | 97 | 97.00 | 0 | 1 |
History - American History | 0 | 1 | 0 | 0 | 10 | 109 | 109.00 | 0 | 1 |
Science - Other Science | 0 | 1 | 0 | 0 | 10 | 98 | 98.00 | 1 | 1 |
Science - Physics | 0 | 1 | 1 | 0 | 5 | 88 | 88.00 | 1 | 1 |
Other Academic | 0 | 0 | 1 | 0 | -5 | 0.00 | 0 | 0 | |
Science - Biology | 0 | 0 | 1 | 0 | -5 | 0.00 | 0 | 0 |